| 000 | 01125nam a22003377a 4500 | ||
|---|---|---|---|
| 003 | CHAP | ||
| 005 | 20220329134008.0 | ||
| 008 | 971013s1984 r 00010 d | ||
| 010 | _a13796 | ||
| 011 | _a14768 | ||
| 035 | _a18842 | ||
| 040 | _cCHAP | ||
| 090 | _aTesis | ||
| 100 | 0 | 0 |
_aGonzález Denova, Leodegario. _948847 |
| 245 | _aMercados y estructura industrial del sorgo en México, 1960-1981 | ||
| 260 |
_aChapingo, Méx. : _bEl autor, _c1984 |
||
| 300 | _a143 h | ||
| 502 | _aTesis (Ing. Agrónomo Esp. en Economía Agrícola) -- UACH. Departamento de Economía Agrícola | ||
| 590 |
_aALEPH _b10 _c20130110 _lUCH01 _h1234 |
||
| 590 |
_aBATCH-UPD _b10 _c20130110 _lUCH01 _h1943 |
||
| 590 |
_aBATCH-UPD _b10 _c20130410 _lUCH01 _h1306 |
||
| 590 |
_aBATCH-UPD _b10 _c20130914 _lUCH01 _h2030 |
||
| 590 |
_aCONVERSION _b10 _c20130109 _lUCH01 _h1309 |
||
| 650 | 1 | 4 |
_aSorgo _xMercadeo. _9108695 |
| 650 | 1 | 4 |
_aSorgo _xProcesado. _9108708 |
| 901 | _aBK | ||
| 942 | _cFOLL | ||
| 949 |
_bBC _cTES _d-43794 _eTS1 _i18842 _si |
||
| 949 |
_bBC _cTES _d-43795 _eTS2 _fc.2 _i18842 _si |
||
| 949 |
_bBC _cTES _d-43796 _eTS2 _fc.3 _h21731 _i18842 _si |
||
| 999 |
_c13796 _d13796 |
||